Visualizzazione normale
Vista MARC
- Luigi Della Torre
di Personal Name
Records bibliografici associati: 1
001 - CONTROL NUMBER
- control field: 34390
003 - CONTROL NUMBER IDENTIFIER
- control field: IT-RoPau
005 - DATE AND TIME OF LATEST TRANSACTION
- control field: 20150510224026.0
008 - FIXED-LENGTH DATA ELEMENTS
- fixed length control field: 150510|| aca||aabn | a|a d
040 ## - CATALOGING SOURCE
- Original cataloging agency: IT-RoPau
- Transcribing agency: IT-RoPau
100 ## - HEADING--PERSONAL NAME
- Personal name: Luigi Della Torre
670 ## - SOURCE DATA FOUND
- Source citation: Work cat.: (IT-RoPau)9950: Luigi Della Torre, Corso di liturgia